00405nam a2200133 a 450000100100000000500170001000800410002704000250006808200150009310000380010824500450014626000450019130000350023600004549820220328111526.0150410s1993 dr ac 000 0 spa d aDO-SdBNPbspacBNPHU axxxxbxxxx1 aPepén, Juan F. q (Juan Felix)10aEmpezando a convivir /cJuan F. Pepén. aSanto Domingo :bAmigo del Hogar,c1993. a91 p. :bil., retrs. ;c15 cm.